000 00607nam a2200181Ia 4500
008 090630s9999 xx 000 0 und d
082 _b10042
100 _aपेंडसे श्री. ना.
245 _aडॉ. हुद्दार.
_cपेंडसे श्री. ना.
260 _bमॅजेस्टीक.
_c1988
300 _a61
600 _aपेंडसे श्री. ना.
630 _aडॉ. हुद्दार.
655 _aनाटक.
700 _aपेंडसे श्री. ना.
730 _aडॉ. हुद्दार.
942 _cBOOK
999 _c261898
_d261898